000 004820000a22001810004500
999 _c48661
_d48661
001 1501
003 CO-MdFUSB
005 20170705175045.0
008 170705b xxu||||| |||| 00| 0 eng d
020 _a958-30-0914-8
040 _cCO-MdBIC
082 0 4 _a863C An78f
245 1 0 _aEl flautista de Hamelin ; Anonimo ; ilustraciones Jairo Linares Landínez
260 _aBogotá : Panamericana Editorial
300 _a8 P.
650 1 4 _aCuentos infantiles Alemanes
942 _cLGB